Amsterdam - Statistics

General Stats
  • This quiz has been taken 35 times
  • The average score is 13 of 15
Answer Stats
Hint Answer % Correct
Jewish girl that hid from the Nazi's in an annex at the Prinsengracht behind a bookcase, where she wrote a world famous diary. Anne Frank
100%
The most successful football club in the city. Ajax
97%
This river gave its name to the city and to a beer. Amstel
97%
Amsterdam has been nicknamed the 'Venice of the North' due to this type of waterways. Canals
94%
One of the most famous painters of the Dutch Golden Age, his magnum opus (De Nachtwacht) can be found in this city. Rembrandt
94%
Amsterdam experiences rivalry with this other Dutch city, especially during football matches. Rotterdam
94%
The largest art museum in the Netherlands, located at Museumplein. Rijksmuseum
90%
Amsterdam is served by this airport. Schiphol
90%
The main square of the city, where you can find the Royal Palace and the department store De Bijenkorf. Dam square
87%
The city is located in this Dutch province. Noord-Holland
87%
This district in the center of the city is known for window prostitution. Red Light District
87%
With more than 10 million visitors annually this is the most visited park of the city. Vondelpark
71%
The main financial district of the Netherlands, shaped by high-rises. Zuidas
65%
The metropolitan area of Amsterdam is part of this larger conurbation in the west of the Netherlands, comprising more than 8 million people. Randstad
61%
Much of the succes of Amsterdam during the Golden Age (17th century) can be attributed to this multinational company. VOC
58%
No matching quizzes found
Score Distribution
Percent of People with Each Score
Percentile by Number Answered
Your Score History
You have not taken this quiz